| 000 | 00364nam a2200133Ia 4500 | ||
|---|---|---|---|
| 008 | 220217s9999||||xx |||||||||||||| ||und|| | ||
| 020 | _a81-7722-235-X | ||
| 082 | _a005.13 TRO | ||
| 100 |
_aTroelsen, Andrew _92366 |
||
| 245 | 0 | _aVisual basic net and the net plat form | |
| 260 |
_aApress _bNew Delhi _c2001 |
||
| 300 |
_b _9 |
||
| 650 | _aPROGRAMMING LANGUAGE | ||
| 999 |
_c170271 _d170271 |
||